000 00252nam a2200097Ia 4500
008 220204s9999 xx 000 0 und d
082 _a058STA
_bSTA
245 0 _aStatesman's yearbook and world gazetteer
260 _aLondon
_bMacmillan
_c1978
942 _cBK
999 _c23947
_d23947